00655nam a2200205Ia 4500008004100000020001800041041000800059082001600067100002300083245003700106250001100143260003800154300000900192500002300201650002500224700002300249906000700272999001700279952015300296230125s9999 xx 000 0 und d a0-07-008310-X aeng a658.15bGUR aGurusamy S9109441 aEssentials of Financial Services a2nd ed c2008bTata McGraw HillaNew Delhi a408p aFinancial services aFinancial Management aGurusamy S9109441 b24 c86103d86103 02104070aHIMRbHIMRd2010-02-13eForward Booksg120.00i3539o658.15 GUR B08221pHIMR-BK-8221r2023-01-25 00:00:00v96.00w2010-02-02yBKzB08221